[Event "HSK 1830 IM"]
[Site "Hamburg GER"]
[Date "2006.10.20"]
[Round "6"]
[White "Abel,D"]
[Black "Kopylov,M"]
[Result "1/2-1/2"]
[WhiteElo "2286"]
[BlackElo "2469"]

1.e4 d6 2.d4 Nf6 3.Nc3 e5 4.Nge2 Nbd7 5.g3 Be7 6.Bg2 c6 7.a4 O-O 8.O-O Re8
9.h3 Bf8 10.g4 exd4 11.Nxd4 Nc5 12.Re1 d5 13.exd5  1/2-1/2

[Event "WYB16"]
[Site "Batumi GEO"]
[Date "2006.10.21"]
[Round "3"]
[White "Chirila,I"]
[Black "Nguyen Ngoc Truongson"]
[Result "0-1"]
[WhiteElo "2308"]
[BlackElo "2534"]

1.e4 d6 2.d4 Nf6 3.Nc3 e5 4.Nf3 Nbd7 5.Bc4 Be7 6.O-O O-O 7.Re1 c6 8.a4 a5
9.b3 h6 10.Bb2 Re8 11.Qd2 Qc7 12.Bf1 Nf8 13.g3 Bg4 14.Nh4 Ne6 15.d5 Nd4 16.h3 Bd7
17.dxc6 bxc6 18.Nd1 c5 19.Bg2 Nh7 20.Nf5 Ng5 21.Qd3 Rab8 22.h4 c4 23.Qc3 Nge6
24.Nxe7+ Rxe7 25.Ne3 cxb3 26.Nd5 Qxc3 27.Nxe7+ Kf8 28.Bxc3 Kxe7 29.cxb3 Nc2
30.Bxa5 Ned4 31.Ra2 Nxe1 32.Bxe1 Rxb3 33.Ba5 Bg4 34.Ra1 Rb2 35.Bf1 Nb3  0-1

[Event "TCh-FIN 2006-7"]
[Site "Helsinki FIN"]
[Date "2006.10.21"]
[Round "3"]
[White "Virtanen,A"]
[Black "Ristoja,J"]
[Result "1/2-1/2"]
[WhiteElo "2314"]
[BlackElo "2309"]

1.e4 d6 2.d4 Nf6 3.Nc3 e5 4.Nf3 Nbd7 5.Bc4 Be7 6.O-O c6 7.a4 b6 8.d5 c5 9.a5 bxa5
10.Re1 O-O 11.Nd2 g6 12.Nb3 a4 13.Nxa4 Nh5 14.Bh6 Ng7 15.Qd2 a5 16.h3 Kh8
17.Nc3  1/2-1/2

[Event "III Open"]
[Site "Calvia ESP"]
[Date "2006.10.22"]
[Round "3"]
[White "Nijboer,F"]
[Black "Vianello,E"]
[Result "1-0"]
[WhiteElo "2641"]
[BlackElo "2164"]

1.e4 d6 2.d4 Nf6 3.Nc3 e5 4.Nf3 Nbd7 5.Bc4 Be7 6.O-O O-O 7.a4 c6 8.Ba2 b6
9.Re1 a6 10.Nb1 Rb8 11.Nbd2 Qc7 12.c3 b5 13.Nf1 Ne8 14.h3 g6 15.Bh6 Ng7 16.axb5 axb5
17.Ng5 Nb6 18.Ne3 Bf6 19.dxe5 dxe5 20.Ng4 Bxg4 21.Qxg4 c5 22.Bb3 c4 23.Bc2 Rfd8
24.Nf3 Ne6 25.h4 Nc5 26.h5 Nd3 27.Re3 Nxb2 28.Ng5 Nd3 29.Rf3 Rd6 30.hxg6 fxg6
31.Bxd3 cxd3 32.Rxd3 Bxg5 33.Rxd6 Qxd6 34.Bxg5 Qd7 35.Qxd7 Nxd7 36.Ra7 Nc5
37.Bf6 Nxe4 38.Bxe5 Re8 39.Bd4 Ng5 40.Rg7+ Kf8 41.Rb7 Re1+ 42.Kh2 Rb1 43.Bc5+ Kg8
44.f3 Ne6 45.Bb4 Nf4 46.Rb8+ Kg7 47.Rxb5 Rc1 48.Rb7+ Kg8 49.Rb8+ Kg7 50.Rb7+ Kg8
51.Rb8+ Kg7 52.Bd6 Nd3 53.Rc8 Rc2 54.Bg3 Nb2 55.Be5+ Kf7 56.Rd8 Na4 57.Bd4 Rc1
58.Rc8 Nb2 59.Rc7+ Ke6 60.Rxh7 Rc2 61.Rc7 Kf5 62.Rf7+ Kg5 63.Be3+  1-0

[Event "WYB16"]
[Site "Batumi GEO"]
[Date "2006.10.23"]
[Round "5"]
[White "Sai,Sr"]
[Black "Nguyen Ngoc Truongson"]
[Result "0-1"]
[WhiteElo "2333"]
[BlackElo "2534"]

1.e4 d6 2.d4 Nf6 3.Nc3 e5 4.Nf3 Nbd7 5.Bc4 Be7 6.O-O O-O 7.h3 c6 8.a4 a5
9.Qe2 Qc7 10.Be3 exd4 11.Nxd4 Re8 12.Bf4 Ne5 13.Bb3 Bf8 14.Bg3 b6 15.Rfe1 Ba6
16.Qd1 g6 17.f4 Nc4 18.Bxc4 Bxc4 19.Qf3 b5 20.b3 b4 21.bxc4 bxc3 22.e5 dxe5
23.fxe5 Nh5 24.Bf2 Ng7 25.Rab1 Rac8 26.Kh1 Rxe5 27.Rxe5 Qxe5 28.Nxc6 Qf5
29.Qxf5 Nxf5 30.Nxa5 Nd6 31.Rd1 Ne4 32.Kg1 f5 33.Kf1 Kf7 34.Be3 g5 35.Nb3 Bb4
36.a5 f4 37.Bb6 Nd2+ 38.Nxd2 cxd2 39.a6 Re8 40.Bf2 h5 41.g4 hxg4 42.hxg4 Bc3
43.a7 Kf6 44.Rb1 f3 45.Bg3 Ra8 46.Bb8 Bd4 47.Rd1 Be3 48.c5 Ke6 49.c6 Ke7
50.c7 Kd7 51.c4 Kc8 52.c5 Kd7 53.c6+ Kc8 54.Rb1 Rxa7 55.Bxa7 Bxa7 56.Rd1 Be3
57.Ra1 Kxc7 58.Rb1 Kxc6 59.Ra1 Kd5 60.Ra5+ Ke4 61.Ra4+ Bd4  0-1

[Event "WYG16"]
[Site "Batumi GEO"]
[Date "2006.10.23"]
[Round "6"]
[White "Ohme,M"]
[Black "Dave,D"]
[Result "1-0"]
[WhiteElo "2145"]
[BlackElo "1990"]

1.e4 d6 2.d4 Nf6 3.Nc3 c6 4.f3 Nbd7 5.Be3 e5 6.Qd2 b5 7.d5 cxd5 8.Nxd5 a6
9.Ne2 Bb7 10.Nec3 Rc8 11.a4 Nxd5 12.Nxd5 bxa4 13.Rxa4 Ra8 14.Bc4 a5 15.O-O Bc6
16.Ra2 Nc5 17.Rfa1 a4 18.Nc3 Qa5 19.Bd5 Qb6 20.b4 Be7 21.bxc5 dxc5 22.Bxc6+ Qxc6
23.Qd5 Rc8 24.Qxc6+ Rxc6 25.Rxa4 O-O 26.Nd5 Bd6 27.Ra8 Rcc8 28.Rxc8 Rxc8
29.Ra6 Bf8 30.Ra7 h6 31.Ne7+ Bxe7 32.Rxe7 f6 33.Rb7 c4 34.Rb5 Kf7 35.Rc5  1-0

[Event "WYB16"]
[Site "Batumi GEO"]
[Date "2006.10.23"]
[Round "6"]
[White "Tomczak,J"]
[Black "Nguyen Ngoc Truongson"]
[Result "0-1"]
[WhiteElo "2420"]
[BlackElo "2534"]

1.e4 d6 2.d4 Nf6 3.Nc3 e5 4.Nf3 Nbd7 5.Bc4 Be7 6.O-O O-O 7.Re1 c6 8.a4 a5
9.h3 h6 10.b3 Qc7 11.Bb2 Rd8 12.Bd3 Nf8 13.Ne2 Ng6 14.Ng3 Nh7 15.Nf5 Bf6
16.g3 Ng5 17.Nxg5 hxg5 18.d5 Bxf5 19.exf5 Ne7 20.dxc6 bxc6 21.Qe2 Qd7 22.Qg4 Rdb8
23.Rad1 Rb4 24.Re4 Rxe4 25.Bxe4 d5 26.c4 g6 27.cxd5 cxd5 28.Bxd5 Nxd5 29.Qe4 Rd8
30.fxg6 Qe6 31.gxf7+ Kxf7 32.Rd3 Kg7 33.Rf3 Ne7 34.h4 gxh4 35.gxh4 Rh8 36.Rf4 Qd5
37.Rg4+ Kf7 38.Qc2 Rc8 39.Qh7+ Ke6 40.Rc4 Rg8+  0-1

[Event "14th Chigorin Mem"]
[Site "St-Petersburg RUS"]
[Date "2006.10.23"]
[Round "1"]
[White "Polschikov,A"]
[Black "Yudin,S"]
[Result "0-1"]
[WhiteElo "2311"]
[BlackElo "2470"]

1.e4 d6 2.d4 Nf6 3.Nc3 e5 4.dxe5 dxe5 5.Qxd8+ Kxd8 6.Bg5 Be6 7.O-O-O+ Kc8
8.f4 exf4 9.Nge2 Nbd7 10.h3 Bd6 11.Nxf4 h6 12.Nxe6 fxe6 13.Be3 a6 14.Be2 Kd8
15.Bf3 Ne5 16.Bf4 Ke7 17.Ne2 g5 18.Bxe5 Bxe5 19.c3 c5 20.Kc2 h5 21.Nc1 c4
22.a4 g4 23.hxg4 hxg4 24.Be2 b5 25.Na2 Bd6 26.e5 Bxe5 27.Nb4 Rhc8 28.axb5 axb5
29.Ra1 Kd7 30.Rad1+ Kc7 31.Rh4 Rg8 32.Rh6 Raf8 33.Ra1 Bf4 34.Ra7+ Kb6 35.Ra6+ Kb7
36.Rh1 Re8 37.Rf1 Nd5 38.Rfa1 Nxb4+ 39.cxb4 Bb8 40.b3 Rgf8 41.bxc4 Rf2 42.Kd1 Rxg2
43.Bf1 Rd8+ 44.Kc1 Bf4+  0-1

[Event "14th Chigorin Mem B"]
[Site "St-Petersburg RUS"]
[Date "2006.10.23"]
[Round "1"]
[White "Shlakich,A"]
[Black "Golovankov,V"]
[Result "0-1"]
[WhiteElo "2105"]
[BlackElo "2296"]

1.e4 d6 2.d4 Nf6 3.Nc3 Nbd7 4.Nf3 e5 5.dxe5 dxe5 6.Bc4 Be7 7.h3 c6 8.a4 O-O
9.O-O Qc7 10.Be3 Nc5 11.Nd2 Ne6 12.Qb1 Bb4 13.Qa2 a5 14.Rad1 Qe7 15.Ncb1 Nh5
16.c3 Bd6 17.g3 Nef4 18.gxf4 exf4 19.Bd4 Qg5+ 20.Kh1 Qh4 21.Be2 Qxh3+ 22.Kg1 f3
23.Nxf3 Nf4  0-1

[Event "WYG18"]
[Site "Batumi GEO"]
[Date "2006.10.25"]
[Round "7"]
[White "Davletbaeva,M"]
[Black "Majdan,J"]
[Result "1-0"]
[WhiteElo "2124"]
[BlackElo "2336"]

1.e4 d6 2.d4 Nf6 3.Nc3 Nbd7 4.g3 g6 5.Bg2 Bg7 6.Nge2 O-O 7.O-O c5 8.h3 cxd4
9.Nxd4 a6 10.Kh2 Qc7 11.f4 Nb6 12.Nce2 Bd7 13.f5 e5 14.Nb3 a5 15.Qd3 d5 16.fxg6 hxg6
17.exd5 e4 18.Qd1 Nbxd5 19.Bg5 Qe5 20.Bxf6 Bxf6 21.Nf4 Nxf4 22.gxf4 Qe7 23.Re1 e3
24.c3 Bb5 25.Nd4 Ba6 26.Qg4 Kh8 27.Bf3 Bh4 28.Nf5 Bg3+ 29.Nxg3 Rad8 30.Nf5 Rd2+
31.Kh1 Qc5 32.Nxe3 Kg7 33.Qg5 Qc8 34.f5 Rh8 35.Bg2 Rh5 36.Qf4 Rxb2 37.fxg6 fxg6
38.Ng4 Be2 39.Qf6+ Kh7 40.Qe7+  1-0

[Event "14th Chigorin Mem B"]
[Site "St-Petersburg RUS"]
[Date "2006.10.25"]
[Round "4"]
[White "Vrublevskaya,O"]
[Black "Bronnikova,E"]
[Result "1/2-1/2"]
[WhiteElo "2163"]
[BlackElo "2243"]

1.e4 d6 2.d4 Nf6 3.Nc3 c6 4.a4 Nbd7 5.Nf3 e5 6.Bc4 Be7 7.O-O O-O 8.Ba2 b6
9.Nh4 Nxe4 10.Nxe4 Bxh4 11.Nxd6 Ba6 12.Bc4 Bxc4 13.Nxc4 exd4 14.Qxd4 Bf6
15.Qg4 Ne5  1/2-1/2

[Event "14th Chigorin Mem B"]
[Site "St-Petersburg RUS"]
[Date "2006.10.25"]
[Round "4"]
[White "Golovankov,V"]
[Black "Barhudarian,R"]
[Result "0-1"]
[WhiteElo "2296"]
[BlackElo "2259"]

1.d4 Nf6 2.Nc3 d6 3.e4 Nbd7 4.Nf3 e5 5.Bc4 Be7 6.O-O O-O 7.Re1 c6 8.a4 a5
9.b3 Qc7 10.Bb2 Nb6 11.Bf1 Bg4 12.Ne2 Nxe4 13.dxe5 Rad8 14.Qc1 Bxf3 15.gxf3 Ng5
16.Bg2 dxe5 17.Ng3 f6 18.Nf5 Bb4 19.c3 Bc5 20.h4 Ne6 21.Qc2 Nd5 22.Bf1 Nef4
23.Bc1 Kh8 24.Be3 Nxe3 25.fxe3 g6 26.Kh1 Nh5 27.Nh6 f5 28.b4 Be7 29.Bc4 Kg7
30.Nf7 Rxf7 31.Bxf7 Kxf7 32.Rad1 Bxh4 33.Rg1 f4 34.Qb3+ Kf6 35.bxa5 Qc8 36.Rg4 Bg3
37.exf4 Bxf4 38.Kg2 Ng7 39.Kf2 Nf5 40.Ke2 Rxd1 41.Qxd1 Qg8 42.Qd3 Qa2+ 43.Ke1 Qa1+
44.Kf2 Qb2+ 45.Ke1 Qc1+ 46.Ke2 Ke7 47.Kf2 Qb2+ 48.Ke1 Qa2 49.a6 bxa6 50.Rxf4 exf4
51.Qxa6 Qa1+ 52.Kd2 Qa2+ 53.Kc1 Qa3+ 54.Kd2 Qd6+ 55.Kc1 Ne3 56.Kb2 Qd2+ 57.Kb3 Qc2+
58.Kb4 Nd5+  0-1

[Event "WYB16"]
[Site "Batumi GEO"]
[Date "2006.10.26"]
[Round "9"]
[White "Nabaty,T"]
[Black "Nguyen Ngoc Truongson"]
[Result "0-1"]
[WhiteElo "2424"]
[BlackElo "2534"]

1.e4 d6 2.d4 Nf6 3.Nc3 e5 4.dxe5 dxe5 5.Qxd8+ Kxd8 6.Bg5 Be6 7.g3 Kc8 8.O-O-O Nbd7
9.f4 h6 10.Bxf6 Nxf6 11.f5 Bd7 12.Nf3 Bd6 13.Bc4 Rf8 14.Rhe1 a6 15.Nd5 b5
16.Bb3 a5 17.a3 Rb8 18.h3 Nxd5 19.Bxd5 b4 20.axb4 Rxb4 21.c3 Rb6 22.Nd2 Kd8
23.Kc2 Ke7 24.Ra1 a4 25.Nc4 Rb5 26.Ne3 Rfb8 27.Ra2 Kf8 28.Bc4 R5b7 29.Rd1 Be8
30.Bd5 Rb6 31.Nc4 Rb5 32.Kc1 Rc5 33.Kc2 Bb5 34.Ne3 Be7 35.b4 axb3+ 36.Bxb3 Be2
37.Rd5 Bd6 38.Ra5 Rc6 39.Rd2 Bb4 40.Nc4 Bxc4 41.cxb4 Rxb4 42.Bxc4 Rcxc4+
43.Kd1 Rxe4 44.Ra7 Rbc4 45.Rd8+ Ke7 46.Rc8 Re3 47.g4 Rxh3 48.Rcxc7+ Rxc7
49.Rxc7+ Kf6 50.Rc6+ Kg5 51.Rc7 Kxg4 52.Rxf7 Rh2 53.Ke1 e4 54.Rxg7+ Kxf5
55.Kf1 Kf4 56.Rf7+ Ke3 57.Ra7 h5 58.Ra5 Rh4 59.Ra3+ Kf4 60.Ra5 Kf3 61.Rf5+ Rf4
62.Ra5 h4 63.Ra3+ Kg4+ 64.Kg2 Rf3 65.Ra4 h3+ 66.Kh2 Rf2+ 67.Kg1 Kg3 68.Ra3+ Rf3
69.Ra2 Rb3 70.Ra1 e3 71.Re1 e2  0-1

[Event "10th Essent Open"]
[Site "Hoogeveen NED"]
[Date "2006.10.26"]
[Round "7"]
[White "Swinkels,R"]
[Black "Shumiakina,T"]
[Result "1/2-1/2"]
[WhiteElo "2378"]
[BlackElo "2363"]

1.e4 d6 2.d4 Nf6 3.Nc3 e5 4.Nf3 Nbd7 5.Bc4 Be7 6.O-O O-O 7.Re1 c6 8.a4 b6
9.d5 cxd5 10.Nxd5 Nxd5 11.Bxd5 Rb8 12.b3 a6 13.c4 Nf6 14.Ba3 Nxd5 15.Qxd5 Be6
16.Qd3 Qc7 17.Red1 Rfd8 18.Bb4 Qb7 19.Qe3 h6 20.Rd3 f5 21.Nd2 f4 22.Qe2 b5
23.cxb5 axb5 24.a5 Ra8 25.Nf3 Bc4 26.bxc4 bxc4 27.Rc3 Qxb4 28.Rxc4 Qb5 29.Qa2 d5
30.Ra4 Kh7 31.exd5 Qxd5 32.Qb1+ Kh8 33.h3 Ra6 34.Kh2 Rda8 35.Qe1 Bf6 36.R1a2 Kg8
37.Kg1 Kh8 38.Kh2 Kg8 39.Kg1 Kh8 40.Kh1 Kg8 41.R2a3 Kh8 42.Qb4 e4 43.Qxe4 Qxe4
44.Rxe4 g5 45.Rea4 Bd8 46.h4 Kg7 47.Rd3 Kf6 48.hxg5+ hxg5 49.Rd5 Rxa5 50.Raxa5 Bxa5
51.Nxg5 Bc7 52.Ne4+ Ke6 53.Rh5 Be5 54.f3 Bd4 55.Kh2 Be3 56.Kh3 Rg8 57.Ra5 Rb8
58.Rg5 Rh8+ 59.Kg4 Rh2 60.Rg6+ Ke5 61.Rg5+ Ke6 62.Rg6+ Ke5 63.g3 fxg3 64.Nxg3 Bf4
65.Ra6 Bxg3 66.Kxg3 Rb2 67.Ra5+ Kf6 68.Kg4 Rb4+ 69.f4 Rb6 70.Rf5+ Kg6 71.Rg5+ Kf6
72.Rf5+ Kg6 73.Rg5+ Kf6 74.Rh5 Kg6 75.Ra5 Rc6 76.Rg5+ Kf6 77.Rf5+ Kg6 78.Rg5+ Kf6
79.Rh5 Kg6 80.Rb5 Rd6 81.Rg5+ Kf6 82.Rf5+ Kg6 83.Rg5+ Kf6 84.Rh5 Kg6 85.f5+ Kg7
86.Rg5+ Kf7 87.Rh5 Kg7 88.Kg5 Rb6 89.Rh4 Rb2 90.f6+ Kf7 91.Rh7+ Kf8 92.Rh8+ Kf7
93.Rh7+ Kf8 94.Rh8+ Kf7 95.Rh7+ Kf8 96.Rd7 Rg2+ 97.Kf5 Rf2+ 98.Kg6 Rg2+ 99.Kh6 Rh2+
100.Kg5 Rg2+ 101.Kh4 Rg6 102.Rd6 Kf7 103.Kh5 Rxf6 104.Rxf6+ Kxf6  1/2-1/2

[Event "WYG16"]
[Site "Batumi GEO"]
[Date "2006.10.27"]
[Round "10"]
[White "Corke,A"]
[Black "Dave,D"]
[Result "1/2-1/2"]
[WhiteElo "2197"]
[BlackElo "1990"]

1.d4 d6 2.e4 Nf6 3.Nc3 c6 4.h3 Qa5 5.Bd2 Qb6 6.Nf3 Nbd7 7.Bc4 e6 8.Bb3 Qc7
9.Qe2 Be7 10.g4 h6 11.Rg1 Nh7 12.h4 Nhf8 13.g5 hxg5 14.hxg5 e5 15.g6 Nxg6
16.Bxf7+ Kxf7 17.Qc4+ Ke8 18.Rxg6 Nb6 19.Qf1 Bf6 20.dxe5 dxe5 21.O-O-O Be6
22.Be3 Bf7 23.Rg3 Rd8 24.Bc5 Rxd1+ 25.Qxd1 Nc8 26.Ng5 Bg8 27.Nf3 Qd7 28.Qe1 b6
29.Be3 Nd6 30.Nd2 Qe7 31.Rg1 Nc4 32.Nxc4 Bxc4 33.f4 Rh7 34.Qg3 Bf7 35.f5 Rh5
36.Kb1 Kd8 37.Qf2 Bh4 38.Rd1+ Kc7 39.Qg2 Bf6 40.a3 Rh8 41.Qf1 Kb7 42.Rd2 Qc7
43.b3 Qe7 44.Kb2 Qc7 45.Na2 Rd8 46.Nb4 Rh8 47.Qa6+ Kb8 48.a4 Be7 49.Na2 Qc8
50.Qe2 Re8 51.Qf2 Qb7 52.Qg1 Bf8 53.Qd1 Be7 54.Rd7 Qc8 55.a5 Rd8 56.Rxd8 Qxd8
57.Qg1 Bf8 58.axb6 axb6 59.Bxb6 Qe7 60.Qd1 Kb7 61.Be3 g6 62.Qd2 gxf5 63.Qa5 f4
64.Qb6+ Kc8 65.Qxc6+ Qc7 66.Qa8+ Qb8 67.Qc6+ Qc7 68.Qa8+ Qb8  1/2-1/2

[Event "III Open"]
[Site "Calvia ESP"]
[Date "2006.10.27"]
[Round "8"]
[White "Nijboer,F"]
[Black "Strikovic,A"]
[Result "1-0"]
[WhiteElo "2641"]
[BlackElo "2535"]

1.e4 d6 2.d4 Nf6 3.Nc3 e5 4.Nf3 Nbd7 5.g4 g6 6.g5 Nh5 7.Be3 Bg7 8.Qd2 c6
9.O-O-O O-O 10.dxe5 dxe5 11.Bh3 Qc7 12.Qd6 Qxd6 13.Rxd6 Nb6 14.Bxc8 Rfxc8
15.b3 Rd8 16.Rxd8+ Rxd8 17.Rd1 Rxd1+ 18.Nxd1 f6 19.h4 Kf7 20.Nb2 f5 21.Bxb6 axb6
22.Nc4 Ke6 23.Nxb6 fxe4 24.Nd2 Bf8 25.Nxe4 Kf5 26.f3 Kf4 27.Nd2 Ng3 28.Nd7 Be7
29.Nc4 Nf5 30.Na5 Nxh4 31.Nxb7 Nxf3 32.a4 e4 33.Ndc5 Nd4 34.c3 Nf5 35.a5 Nd6
36.Nxd6 Bxd6 37.Ne6+ Ke3 38.a6 Bb8 39.Kc2 Kf2 40.Nc5 e3 41.Nd3+ Kf3 42.b4 Ba7
43.c4 Ke4 44.Nc1 Kd4 45.Kb3 Bb6 46.Ne2+ Kd3 47.c5 Ba7 48.b5 Kxe2 49.b6 Bxb6
50.cxb6 Kf2 51.a7 e2 52.a8=Q e1=Q 53.Qxc6 Qb1+ 54.Kc4 Qc1+ 55.Kb5 Qb2+ 56.Ka6 Qa3+
57.Kb7 Qe7+ 58.Ka8 Qxg5 59.Qc2+ Kg1 60.Qb1+  1-0

[Event "WYB16"]
[Site "Batumi GEO"]
[Date "2006.10.28"]
[Round "11"]
[White "Paichadze,L"]
[Black "Nguyen Ngoc Truongson"]
[Result "1-0"]
[WhiteElo "2378"]
[BlackElo "2534"]

1.e4 d6 2.d4 Nf6 3.Nc3 e5 4.dxe5 dxe5 5.Qxd8+ Kxd8 6.Bc4 Be6 7.Bxe6 fxe6
8.f3 Bc5 9.Na4 Bb6 10.Nxb6 axb6 11.Be3 Ke7 12.Nh3 Nc6 13.a3 Rad8 14.Rd1 Rxd1+
15.Kxd1 h6 16.c3 Na5 17.Ke2 Nd7 18.Nf2 c5 19.h4 Nc6 20.g4 g6 21.b4 h5 22.Nd3 Ra8
23.b5 Nd8 24.gxh5 gxh5 25.Bg5+ Ke8 26.Bxd8 Kxd8 27.Ra1 Ke7 28.Nb2 c4 29.a4 Rc8
30.Rg1 Kf6 31.Rg5 Nf8 32.Rxh5 Rc7 33.Nd1 Ng6 34.Kf1 Nf4 35.Rh8 Rd7 36.Nf2 Rd2
37.Ng4+ Ke7 38.Rh7+ Kd8 39.Nxe5 Rc2 40.Nxc4 Rxc3 41.Ne5 Rc5 42.Nf7+ Ke7 43.e5 Kf8
44.Ng5 Rc1+ 45.Kf2 Nd3+ 46.Kg2 Rc4 47.Nxe6+ Kg8 48.Rg7+ Kh8 49.Rg5 Rxa4 50.Nf8 Ra8
51.Ng6+ Kh7 52.f4 Nc5 53.f5 Ra2+ 54.Kf3 Ra3+ 55.Kg4 Ra4+ 56.Kh5 Rd4 57.Nf8+ Kh8
58.Ne6 Re4 59.Nxc5 bxc5 60.f6 c4 61.f7  1-0

[Event "III Open"]
[Site "Calvia ESP"]
[Date "2006.10.28"]
[Round "9"]
[White "Rhein,K"]
[Black "Pechy,A"]
[Result "1/2-1/2"]
[WhiteElo "2082"]
[BlackElo "2176"]

1.e4 d6 2.d4 Nf6 3.Nc3 e5 4.Nf3 Nbd7 5.g4 Nxg4 6.Rg1 Ngf6 7.Bc4 exd4 8.Nxd4 Ne5
9.Be2 h6 10.Be3 Bd7 11.f4 Nc6 12.Nxc6 Bxc6 13.Qd4 Nd7 14.O-O-O Qf6 15.Qd2 Nc5
16.Bxc5 dxc5 17.Nb5 Qe7 18.e5 h5 19.Qe3 a6 20.Nc3 Rd8 21.Bf3 Rxd1+ 22.Rxd1 Bxf3
23.Qxf3 c6 24.Ne4 Qc7 25.Qe3 Be7 26.Nd6+ Kf8 27.Qxc5 Rh6 28.f5 Bxd6 29.exd6 Qd7
30.Qe5 Rf6 31.b3 b6 32.h4 c5 33.Rd5 a5 34.a4 Rh6 35.Kb2 Rf6 36.Kc1 Rh6 37.Kb2  1/2-1/2

[Event "III Open"]
[Site "Calvia ESP"]
[Date "2006.10.28"]
[Round "9"]
[White "Hamdouchi,H"]
[Black "Conquest,S"]
[Result "1/2-1/2"]
[WhiteElo "2582"]
[BlackElo "2530"]

1.e4 d6 2.d4 Nf6 3.Nc3 c6 4.h3 Nbd7 5.a4 e5 6.Be3 Be7 7.g4 Qa5 8.Bg2 d5 9.exd5 Nxd5
10.Bxd5 cxd5 11.Ne2 O-O 12.O-O Rd8 13.Ng3 Nb6 14.dxe5 d4 15.Bxd4 Nc4 16.Nb5 a6
17.Nd6 Nxd6 18.exd6 Bxd6 19.Qf3 Be6 20.Qe3 Re8 21.Bc3 Qc7 22.Rfe1 f6 23.Qf3 Bxg3
24.fxg3 Bf7 25.Kh2 Bg6 26.Qf2 Qc6 27.a5 Rad8 28.Rac1 h6 29.h4 Qc4 30.Kh3 Qc6
31.Qf4 Re4 32.Rxe4 Qxe4 33.Qxe4 Bxe4 34.Re1 Re8 35.Re2 Kf7 36.Bb4 Bc6 37.Rxe8 Bxe8
38.Kg2 g5 39.Kf3 Ba4 40.b3 Bd7 41.Bd2 Bc6+ 42.Ke3 Ke6 43.c4 f5 44.hxg5 hxg5
45.Kd4 fxg4 46.Kc5 Kd7 47.Bxg5 Kc8 48.Bf4 Bf3 49.b4 Be2 50.b5 Bf1  1/2-1/2

[Event "14th Chigorin Mem"]
[Site "St-Petersburg RUS"]
[Date "2006.10.28"]
[Round "7"]
[White "Yandemirov,V"]
[Black "Yudin,S"]
[Result "1/2-1/2"]
[WhiteElo "2528"]
[BlackElo "2470"]

1.e4 d6 2.d4 Nf6 3.Nc3 e5 4.dxe5 dxe5 5.Qxd8+ Kxd8 6.Bc4 Ke8 7.Nf3 Bd6 8.Bg5 Nbd7
9.O-O-O a6 10.Rhe1 h6 11.Bh4 b5 12.Bb3 Bb7 13.Nd5 Nxd5  1/2-1/2

[Event "14th Chigorin Mem B"]
[Site "St-Petersburg RUS"]
[Date "2006.10.28"]
[Round "7"]
[White "Eidelson,R"]
[Black "Nikitinyh,B"]
[Result "1-0"]
[WhiteElo "2176"]
[BlackElo "2267"]

1.e4 d6 2.d4 Nf6 3.Nc3 Nbd7 4.Nf3 c6 5.e5 Nd5 6.Nxd5 cxd5 7.e6 fxe6 8.Ng5 Nf6
9.Bb5+ Bd7 10.Nxe6 Qc8 11.Bxd7+ Kxd7 12.Qe2 Qc4 13.Qe3 Qxc2 14.O-O Qe4 15.Nxf8+ Rhxf8
16.Qb3 Ke6 17.Bg5 Kf7 18.Rfe1 Qf5 19.Rxe7+ Kxe7 20.Qxb7+ Ke6 21.Re1+ Qe4
22.Rxe4+ Nxe4 23.Qe7+ Kf5 24.Be3 Kg6 25.Qe6+ Nf6 26.Qxd6 Rad8 27.Qa6 Rd7
28.g3 Rb8 29.b3 Rb6 30.Qd3+ Kf7 31.Bf4 g6 32.Be5 Ng8 33.Qf3+ Ke8 34.h4 h5
35.Qe3 Re6 36.Qc3 Ne7 37.Qc1 Nc6 38.f4 Ne7 39.f5 Nxf5 40.Qc8+ Ke7 41.Bf4 Re4
42.Bg5+ Kd6 43.Qa6+ Kc7 44.Qxa7+ Kc8 45.Qa8+ Kc7 46.Bf4+ Kb6 47.Qb8+ Rb7
48.Qd8+ Ka6 49.Qxd5 Rxd4 50.Qc6+ Rb6 51.Qa8+ Kb5 52.Bd2 Rbd6 53.a4+ Kc5 54.Qa5+ Kc6
55.Qb5+ Kc7 56.Bf4 Rxf4 57.gxf4 Nxh4 58.a5 Nf3+ 59.Kf2 Nd4 60.Qc5+ Kd7 61.a6 Nc6
62.b4 Rd2+ 63.Ke3 Rb2 64.a7 Rb3+ 65.Kd2 Ra3 66.b5 Ra2+ 67.Ke1 Ne7 68.Qd4+  1-0

[Event "Bundesliga 2006-7"]
[Site "Eppingen GER"]
[Date "2006.10.29"]
[Round "2"]
[White "Heinemann,T"]
[Black "Miltner,A"]
[Result "1-0"]
[WhiteElo "2443"]
[BlackElo "2400"]

1.e4 d6 2.d4 Nf6 3.Nc3 e5 4.Nf3 Nbd7 5.Be2 Be7 6.O-O O-O 7.a4 a5 8.Re1 b6
9.Bc4 Bb7 10.b3 exd4 11.Qxd4 Ne5 12.Nxe5 dxe5 13.Qxe5 Bd6 14.Qg5 h6 15.Qh4 Re8
16.Bxh6 gxh6 17.Qxh6 Re5 18.Qg6+ Kh8 19.Bxf7 Rh5 20.g3 Qe7 21.Nd5 Bxd5 22.exd5 Re5
23.Be6 Rf8 24.Rxe5 Bxe5 25.Re1 Bd4 26.Re2 Qh7 27.Qxh7+ Kxh7 28.Kg2 Kg7 29.f4 Ne8
30.Kf3 Kf6 31.Bg4 Bc5 32.h4 Ng7 33.Be6 Rh8 34.Kg4 Bd6 35.Re4 Rh7 36.Kh3 Nh5
37.Bg4 Ng7 38.Bf3 Kf7 39.g4 Bc5 40.Re2 Bd6 41.Re4 Rh8 42.g5 Kg6 43.Kg4 Rf8
44.Rc4 Rh8 45.Re4 Rf8 46.Be2 Rh8 47.f5+ Kf7 48.f6 Nh5 49.Re6 Kf8 50.Bb5 Kf7
51.Bd3 Bc5 52.Bb5 Bd6 53.Be8+ Rxe8 54.Kxh5 Rh8+ 55.Kg4 Bc5 56.h5  1-0

[Event "14th Chigorin Mem"]
[Site "St-Petersburg RUS"]
[Date "2006.10.29"]
[Round "8"]
[White "Shaposhnikov,E"]
[Black "Levin,Ev"]
[Result "1-0"]
[WhiteElo "2558"]
[BlackElo "2358"]

1.e4 d6 2.d4 Nf6 3.Nc3 c6 4.a4 e5 5.Nf3 Nbd7 6.Bc4 Be7 7.O-O O-O 8.Re1 Qc7
9.b3 b6 10.Bb2 a6 11.Bd3 Bb7 12.Ne2 Rfe8 13.Ng3 Bf8 14.c4 Rad8 15.d5 a5 16.dxc6 Bxc6
17.Bc2 Nc5 18.Nd2 g6 19.Nb1 Ne6 20.Nc3 Nf4 21.Nf1 Qb7 22.Qf3 Bd7  1-0

[Event "14th Chigorin Mem B"]
[Site "St-Petersburg RUS"]
[Date "2006.10.30"]
[Round "9"]
[White "Vrublevskaya,O"]
[Black "Kirillova,V"]
[Result "0-1"]
[WhiteElo "2163"]
[BlackElo "2244"]

1.e4 d6 2.d4 Nf6 3.Nc3 e5 4.dxe5 dxe5 5.Qxd8+ Kxd8 6.Bg5 Be6 7.g3 c6 8.f4 h6
9.O-O-O+ Kc7 10.Bxf6 gxf6 11.f5 Bd7 12.Bc4 Be8 13.Nf3 b5 14.Bb3 Nd7 15.a4 a6
16.Ne1 b4 17.Nb1 Nc5 18.Nd2 Rd8 19.Nef3 h5 20.Rhe1 Bh6 21.Kb1 Rg8 22.Re2 Rg4
23.Rde1 Bxd2 24.Nxd2 Rd4 25.Kc1 Kd8 26.Re3 Ke7 27.h3 Rg8 28.a5 Nb7 29.Nc4 c5
30.Nb6 Bc6 31.Bd5 Nxa5 32.Bxc6 Nxc6 33.Nd5+ Rxd5 34.exd5 Nd4 35.g4 hxg4 36.Rg3 Nxf5
37.Rxg4 Rh8 38.c3 a5 39.h4 Rxh4 40.Rg8 bxc3 41.bxc3 Rh3 42.Kd2 Nd6 43.Ra8 Nc4+
44.Kc2 Ne3+ 45.Kd2 Nxd5 46.Rxa5 Kd6 47.Ra6+ Kc7 48.Ra7+ Kc6 49.Rxf7 c4 50.Rg1 Rd3+
51.Ke2 Nxc3+ 52.Kf2 Nd5 53.Rg8 Kc5 54.Ra7 Kd4 55.Rd8 Ke4 56.Rh8 c3 57.Ra4+ Rd4
58.Ra2 Nf4 59.Rc8 Kd3 60.Rc6 Nd5 61.Ra1 Rf4+ 62.Ke1 Ne3 63.Rd6+ Rd4 64.Raa6 f5
65.Rf6 f4 66.Ra5 Nc4 67.Ra1 Re4+ 68.Kf1 c2 69.Rh6 Nd2+  0-1

[Event "Petersburg Autumn"]
[Site "St Petersburg RUS"]
[Date "2006.11.01"]
[Round "2"]
[White "Rodkin,F"]
[Black "Feofanov,D"]
[Result "0-1"]
[WhiteElo "2171"]
[BlackElo "2351"]

1.d4 Nf6 2.Nc3 d6 3.e4 c6 4.a4 Qa5 5.Bd3 e5 6.Ne2 Be7 7.h3 O-O 8.O-O Nbd7
9.Be3 Re8 10.Qd2 Bf8 11.Rfb1 Qc7 12.a5 exd4 13.Nxd4 Nc5 14.f3 Nxd3 15.Qxd3 Be6
16.Rd1 d5 17.exd5 Bxd5 18.Bg5 Nh5 19.Nxd5 cxd5 20.Qf5 Bc5 21.Qg4 g6 22.c3 Re2
23.Rd2 Rae8 24.Rad1 Rxd2 25.Rxd2 Qxa5 26.f4 Qa1+ 27.Rd1 Qxb2 28.Qd7 Qe2 29.Rf1 Qe6
30.Qxb7 Qe3+ 31.Kh2 Qg3+ 32.Kh1 Qxc3  0-1

[Event "Petersburg Autumn"]
[Site "St Petersburg RUS"]
[Date "2006.11.02"]
[Round "3"]
[White "Bogdanov,Al"]
[Black "Nikitinyh,B"]
[Result "1-0"]
[WhiteElo "2196"]
[BlackElo "2267"]

1.e4 d6 2.d4 Nf6 3.Nc3 c6 4.f4 Qc7 5.e5 Nd5 6.Nxd5 cxd5 7.Bd3 Nc6 8.c3 e6
9.Qg4 g6 10.Nf3 Bd7 11.Ng5 Bg7 12.O-O Ne7 13.Qh4 h6 14.Nf3 Nf5 15.Bxf5 gxf5
16.Bd2 Bb5 17.c4 Bxc4 18.Rfc1 Qd8 19.Qg3 O-O 20.Bb4 Kh7 21.Qh3 Rg8 22.Bxd6 Bf8
23.b3 Be2 24.Rc7 Rg7 25.Rac1 Bxd6 26.exd6 Qxd6 27.Ne5 Rag8 28.Rxf7 Rxf7 29.Qxh6+ Kxh6
30.Nxf7+ Kg6 31.Nxd6 Rg7 32.Re1 Rd7 33.Nxb7 Rxb7 34.Rxe2 Kf6 35.Kf2 Rc7 36.Ke3 Rc1
37.Kd2 Rc8 38.Re3 Rh8 39.Rh3 Rg8 40.Rh6+ Ke7 41.g3 Kd6 42.Rh7 a5 43.Kc3 Ra8
44.Rg7 Rc8+ 45.Kb2 Rb8 46.h4 Rb4 47.Kc3 Rb8 48.h5 Rh8 49.Rg5 Rh7 50.Kd2 Ke7
51.a3 Kf6 52.b4 Rh8 53.bxa5 Ra8 54.h6 Rh8 55.a6 Rxh6 56.Rg8 Rh7 57.Ra8 Rc7
58.a7 Kg7 59.a4 Kh7 60.a5  1-0

[Event "Petersburg Autumn"]
[Site "St Petersburg RUS"]
[Date "2006.11.03"]
[Round "4"]
[White "Gorovykh,E"]
[Black "Khropov,B"]
[Result "1-0"]
[WhiteElo "2341"]
[BlackElo "2277"]

1.e4 d6 2.d4 Nf6 3.Nc3 c6 4.f4 Qa5 5.Bd3 e5 6.Nf3 Bg4 7.Be3 Nbd7 8.O-O Be7
9.h3 Bxf3 10.Qxf3 O-O 11.g4 exd4 12.Bxd4 Nc5 13.Ne2 d5 14.exd5 Nxd3 15.Qxd3 Nxd5
16.c4 Nc7 17.a3 Ne6 18.b4 Qd8 19.Rfd1 a5 20.Qe3 axb4 21.axb4 Bxb4 22.Kh1 Nxd4  1-0

[Event "1st ch-Iberoamericano GpC"]
[Site "Ayamonte ESP"]
[Date "2006.11.04"]
[Round "1"]
[White "Perez Candelario,Man"]
[Black "Campora,D"]
[Result "1-0"]
[WhiteElo "2496"]
[BlackElo "2530"]

1.e4 d6 2.d4 Nf6 3.Nc3 e5 4.Nf3 Nbd7 5.Bc4 Be7 6.O-O O-O 7.Re1 exd4 8.Nxd4 Ne5
9.Bf1 Re8 10.b3 d5 11.Nxd5 Nxd5 12.exd5 Bb4 13.Bd2 Bg4 14.f3 Bc5 15.Be3 Nxf3+
16.gxf3 Rxe3 17.Rxe3 Qg5 18.Qd2 Bxf3+ 19.Kf2 Bxd5 20.c3 Rf8 21.Rd3 Qh4+ 22.Kg1 f5
23.Bg2 Be4 24.Rh3  1-0

[Event "TCh-ROM Divizia A Masculin"]
[Site "Predeal ROM"]
[Date "2006.11.04"]
[Round "1"]
[White "Manole,V"]
[Black "Badea,B"]
[Result "1-0"]
[WhiteElo "2387"]
[BlackElo "2508"]

1.e4 d6 2.d4 Nf6 3.Nc3 e5 4.dxe5 dxe5 5.Qxd8+ Kxd8 6.Bc4 Ke8 7.Nf3 Bd6 8.Bg5 Nbd7
9.O-O-O a6 10.a4 Rb8 11.Rhe1 h6 12.Bd2 Bc5 13.Re2 b6 14.Nd5 Bd6 15.b4 b5
16.axb5 axb5 17.Bb3 Nxd5 18.Bxd5 Nb6 19.Bc3 Nxd5 20.exd5 f6 21.Nd4 Kf7 22.Nc6 Ra8
23.Kb2 Bd7 24.Na5 g5 25.Kb3 h5 26.h3 Rab8 27.Bd2 Kg6 28.Be3 f5 29.Bc5 e4
30.Bxd6 cxd6 31.c4 bxc4+ 32.Nxc4 Bb5 33.Re3 Ra8 34.Rd4 Rhd8 35.f3 Kf6 36.g4 Ba4+
37.Kb2 Bd1 38.Rxd1 hxg4 39.hxg4 exf3 40.Rxf3 f4 41.Rh3 Re8 42.Rdh1 Re2+ 43.Kc3  1-0